| 000 | 01449 a2200265 4500 | ||
|---|---|---|---|
| 001 | 49291 | ||
| 005 | 20260407155756.0 | ||
| 008 | 260407a2019 arg spa d | ||
| 003 | AR-UNSa-BCEJYS | ||
| 040 |
_aAR-UNSa-BCEJYS _bspa _cAR-UNSa-BCEJYS |
||
| 080 |
_a336.226.111 _xImpuestos sobre ingresos totales (Ingresos brutos - Convenio Multilateral) |
||
| 245 | 1 | 0 |
_aConvenio multilateral, Impuestos internos, Monotributo _pExplicados y comentados |
| 020 | _a978-987-01-2305-7 | ||
| 250 | _a12a. ed. | ||
| 264 | 1 |
_aBuenos Aires : _bErrepar _c2019 |
|
| 300 |
_ax, 124 p. _c27 cm. |
||
| 505 | _aCONVENIO MULTILATERAL: 1. Introducción - 2. Ámbito de aplicación del convenio multilateral - 3. Régimen general - 4. Regímenes especiales - 5. Iniciación y cese de actividades - 6. Organismos de aplicación - IMPUESTOS INTERNOS: 1. Aspectos generales - 2. Hecho imponible - 3. Exenciones - 4. Liquidación de Impuestos - 5. Pago del Impuesto - 6. Alícuotas - MONOTRIBUTO: 1. Antecedentes - 2. Características generales - 3. Liquidación de gravamen - 4. Abandono del régimen simplificado - 5. Interrelación con otras normas impositivas. | ||
| 041 | _aspa | ||
| 942 | _cBK | ||
| 590 | _aniveau_biblio:m niveau_hierar:0 | ||
| 100 | 1 | _aCeldeiro, Ernesto Carlos | |
| 700 | 1 | _aImirizaldu, Juan José | |
| 700 | 1 | _aRofrano, Guido Omar | |
| 856 | 4 | 1 |
_uhttps://www.biblioeco.unsa.edu.ar/pmb/images/libros/L127934.jpg _yImagen de portada _qimage/jpeg |
| 999 |
_c4793 _d4793 |
||